Воспитание личности резистентной к информационному воздействию - одна из важнейших задач современной высшей школы; Научно-методическое обеспечение образовательного процесса в условиях непрерывного обучения

Dades bibliogràfiques
Parent link:Научно-методическое обеспечение образовательного процесса в условиях непрерывного обучения.— 2005.— С. 43-45
Autor principal: Лавров Д. О.
Idioma:rus
Publicat: 2005
Matèries:
Format: MixedMaterials Capítol de llibre
KOHA link:https://koha.lib.tpu.ru/cgi-bin/koha/opac-detail.pl?biblionumber=144981

MARC

LEADER 00000naa2a2200000 4500
001 144981
005 20231031143905.0
035 |a (RuTPU)RU\TPU\book\157136 
090 |a 144981 
100 |a 20081010d2005 k y0rusy50 ca 
101 0 |a rus 
102 |a RU 
200 1 |a Воспитание личности резистентной к информационному воздействию - одна из важнейших задач современной высшей школы  |f Д. О. Лавров 
320 |a Библиогр.: 10 назв. 
463 0 |0 (RuTPU)RU\TPU\book\118410  |t Научно-методическое обеспечение образовательного процесса в условиях непрерывного обучения  |o труды Всероссийской научно-практической конференции г. Юрга, 2-3 ноября 2005 г.  |f Юргинский технологический институт (филиал); под ред. О. С. Паниной, Л. Г. Чернышовой  |v С. 43-45  |d 2005  |p 198 с. 
610 1 |a личность 
610 1 |a воспитание 
610 1 |a информационное воздействие 
610 1 |a высшая школа 
610 1 |a информация 
610 1 |a обучение 
610 1 |a труды учёных ТПУ 
700 1 |a Лавров  |b Д. О. 
801 1 |a RU  |b 63413507  |c 20081010  |g PSBO 
942 |c BK